Batman Comic Villains by Picture Quiz Stats

 Plays Quiz Updated Feb 20, 2016

Challenge
Share
Tweet
Score 0/24 Timer 06:00
2 Plays Today
Number Villain % Correct
Joker
99.3%
Poison Ivy
94.4%
Riddler
94.3%
Penguin
94.1%
Two Face
93.6%
Bane
89%
Harley Quinn
87.9%
Catwoman
87.9%
Scarecrow
87.2%
Mr. Freeze
77%
Mad Hatter
73.8%
Man Bat
70.8%
Number Villain % Correct
Killer Croc
65.9%
Clayface
62.3%
Deadshot
58%
Solomon Grundy
56%
Hugo Strange
54.7%
Red Hood
54.4%
Black Mask
52.5%
Ra's Al Ghul
48.7%
Firefly
44.6%
Ventriloquist
41.3%
Hush
40.5%
Mr. Zsasz
37.3%

You're not logged in!

Compare scores with friends on all Sporcle quizzes.
Join for Free
OR
Log In

You Might Also Like...

Show Comments

Extras

Top Quizzes Today


Score Distribution

Your Account Isn't Verified!

In order to create a playlist on Sporcle, you need to verify the email address you used during registration. Go to your Sporcle Settings to finish the process.

Report this User

Report this user for behavior that violates our Community Guidelines.

Details: